000 00570nam a22002417a 4500
003 UA-OsUOA
001 30129
007 ta
008 20041105b un ||||| |||| 00| 0 ukr d
100 _aШапошникова Л.В.
090 _a913(5)
_bШ24
942 _cBK
040 _aUA-OsUOA
_brus
_cUA-OsUOA
_dUA-OsUOA
245 _aДороги джунглей
300 _a296 с.
_bІлюстрації
955 _a0
041 _arus
080 _a913(5)
260 _aМосква
_bМысль
_c1968
044 _aRU
650 7 _2UDC
999 _c316536
_d316536